| 000 | 01309nam0a22003011 4500 | ||
|---|---|---|---|
| 001 | rc\4140593 | ||
| 005 | 20250611104753.0 | ||
| 021 |
_aRU _b[49-40741] |
||
| 035 | _a(NLR Aleph) 008162858 | ||
| 090 |
_a7804957 _c7804957 |
||
| 100 | _a20130415d1949 |||y0rusy50 ca | ||
| 101 | 0 | _arus | |
| 102 | _aRU | ||
| 105 | _aa z ||||| | ||
| 200 | 1 | _aСпособ теоретических годографов для определения скоростей по наблюдениям отраженных волн | |
| 210 |
_aМосква _cИзд-во и 1-я тип. Госгеолиздата _d1949 _g1-я тип. Речиздата |
||
| 215 |
_a22 с., 1 отд. л. "Палетка..." _cчерт. _d22 |
||
| 300 | _aПеред загл. авт.: Ю.В. Ризниченко | ||
| 320 | _aБиблиогр.: с. 20 (10 назв.) | ||
| 606 |
_aСейсмическая разведка _xИнтерпретация годографов _2psbo |
||
| 606 |
_aСейсмические волны _xГодографы _2psbo |
||
| 700 | 1 |
_4070 _7ca _8rus _aРизниченко _bЮ. В. _f1911-1981 _gЮрий Владимирович _9251266 _3RU\NLR\AUTH\770251322 |
|
| 801 | 0 |
_aRU _bNLR _gpsbo |
|
| 801 | 1 |
_aRU _bELAR _2rusmarc |
|
| 852 |
_aNLR _jГн10 Г-6/139 |
||
| 942 | _cBOOK | ||
| 980 | _aNB | ||